Tercer concilio limense 1582-1583: versión castellana original de los decretos con el sumario del segundo concilio limense
Sparad:
| Materialtyp: | Bok |
|---|---|
| Språk: | spanska |
| Publicerad: |
Lima
Facultad Pontificia y Civil de Teología de Lima
1982
|
| Ämnen: | |
| Taggar: |
Lägg till en tagg
Inga taggar, Lägg till första taggen!
|
MARC
| LEADER | 00000nam a2200000 a 4500 | ||
|---|---|---|---|
| 001 | UCM8497 | ||
| 003 | CL-VaPUC | ||
| 008 | 030321e19820000PE |||||||||||||||||spa|d | ||
| 082 | 0 | 4 | |a 262.12 |b TER |2 21 |
| 245 | 1 | 0 | |a Tercer concilio limense 1582-1583: versión castellana original de los decretos con el sumario del segundo concilio limense |
| 300 | |a 191 p | ||
| 942 | |c BK | ||
| 945 | |d 20030321 00:00:00 |a rbrito | ||
| 260 | |a Lima |b Facultad Pontificia y Civil de Teología de Lima |c 1982 | ||
| 650 | 7 | |a CONCILIO 1582-1583 |2 CL-VaPUC |9 474570 | |
| 650 | 7 | |a DERECHO CANONICO |2 CL-VaPUC |9 474571 | |
| 650 | 0 | |a Derecho eclesiástico |9 255055 | |
| 651 | 7 | |a LIMA |2 CL-VaPUC |9 350186 | |
| 651 | 0 | |a Perú |9 256567 | |
| 583 | |a last modification |c 20120830 10:11:32 |k Rodrigo Vera | ||
| 999 | |c 302997 |d 302995 | ||
| 952 | |0 0 |1 0 |4 0 |6 262_120000000000000_TER_1982 |7 0 |8 DER_HDC |9 363901 |a BIBDER |b BIBDER |d 2019-11-21 |i 3822435 |o 262.12 TER 1982 |p 3822435 |r 2019-11-21 |w 2019-11-21 |x Ubicación 4to Piso |y BK |z Estos recursos deben solicitarse con anticipación |k DER | ||